Özv. Palócz Lászlóné Nagy Gizella
Elmentve itt :
| Dokumentumtípus: | Cikk |
|---|---|
| Megjelent: |
1936-09-19
|
| Sorozat: | Délmagyarország
12 No. 221 |
| Kulcsszavak: | Palócz Lászlóné Nagy Gizella, Gyászjelentés |
| Online Access: | http://dmarchiv.bibl.u-szeged.hu/40288 |
| LEADER | 00443nab a2200145 i 4500 | ||
|---|---|---|---|
| 001 | delm40288 | ||
| 005 | 20180927130031.0 | ||
| 008 | 180927s1936 hu o 0|| hun d | ||
| 040 | |a SZTE Délmagyarország Archívum |b hun | ||
| 041 | |a hun | ||
| 245 | 0 | 0 | |a Özv. Palócz Lászlóné Nagy Gizella |h [elektronikus dokumentum] |
| 260 | |c 1936-09-19 | ||
| 300 | |a 6 | ||
| 490 | 0 | |a Délmagyarország |v 12 No. 221 | |
| 695 | |a Palócz Lászlóné Nagy Gizella, Gyászjelentés | ||